Outline study of the Bible: (Record no. 3806)

000 -LEADER
fixed length control field 00584nam a2200181 a 4500
001 - CONTROL NUMBER
control field :::00001541$&:&@@
003 - CONTROL NUMBER IDENTIFIER
control field OkBaRHE
005 - DATE AND TIME OF LATEST TRANSACTION
control field 20000607103244.0
008 - FIXED-LENGTH DATA ELEMENTS--GENERAL INFORMATION
fixed length control field s1913 j 000 0 eng u
040 ## - CATALOGING SOURCE
Transcribing agency
100 1# - MAIN ENTRY--PERSONAL NAME
Personal name Evans, William.
245 10 - TITLE STATEMENT
Title Outline study of the Bible:
Remainder of title with illustrative charts.
260 ## - PUBLICATION, DISTRIBUTION, ETC. (IMPRINT)
Place of publication, distribution, etc Chicago, IL., :
Name of publisher, distributor, etc The Bible Institute Colportage Association
Date of publication, distribution, etc c1913
300 ## - PHYSICAL DESCRIPTION
Extent 115 p. ;
Dimensions 21 cm.
650 ## - SUBJECT ADDED ENTRY--TOPICAL TERM
Topical term or geographic name as entry element Bible Study Outlines
942 ## - ADDED ENTRY ELEMENTS (KOHA)
Source of classification or shelving scheme
Koha item type Books
Copies
Date last seen Barcode Price effective from Date acquired Source of classification or shelving scheme Permanent Location Copy number Full call number Damaged status Withdrawn status Not for loan Shelving location Koha item type Lost status
2010-04-1415412010-04-142010-04-14 RHEMA Bible Training College1BS 600 .E9   General StacksBooks